Normal view MARC view
  • Duque Parra, Juan Pablo

Entry Nombre Personal

Number of records used in: 1

001 - NUMERO DE CONTROL

  • campo de control: 58668

003 - IDENTIFICADOR DE NUMERO DE CONTROL

  • campo de control: UPN

005 - FECHA Y HORA DE LA ÜLTIMA TRANSACCIÓN

  • campo de control: 20260205115746.0

008 - DATOS DE LONGITUD FIJA

  • campo de control de longitud fija: 260205|| acz||aabn | a|a d

024 ## - OTROS IDENTIFICADORES NORMALIZADOS

  • Número normalizado o código: https://orcid.org/0000-0002-3278-014X

040 ## - FUENTE DE CATALOGACIÓN

  • Agencia original de catalogación: MX-MxUPN

100 1# - ENCABEZAMIENTO - NOMBRE PERSONAL

  • Nombre personal: Duque Parra, Juan Pablo

370 ## - LUGAR ASOCIADO

  • Place of birth: México

371 ## - DIRECCIÓN

  • Electronic mail address: jp.duque@ceiich.unam.mx

372 ## - CAMPO DE ACTIVIDAD

  • Field of activity: Psicología
  • Field of activity: Ciencias Políticas y Sociales

373 ## - GRUPO ASOCIADO

  • Associated group: Universidad Nacional Autónoma de México. Centro de Investigaciones Interdisciplinarias en Ciencias y Humanidades.

374 ## - OCUPACIÓN

  • Occupation: Docencia e investigación universitaria
  • Occupation: Investigador del Grupo Portraits of Bios in the Contemporary Societies de la UAB y la Universidad Abierta de Cataluña.

377 ## - LENGUA ASOCIADA

  • Language code: spa

670 ## - FUENTE EN LA QUE SE LOCALIZARON DATOS

  • Cita de la fuente: En recurso en línea : Psicoperspectivas: individuo y sociedad, Vol. 24, no. 2 2025)
  • Información localizada: (Juan Pablo Duque Parra)
  • Uniform Resource Identifier: https://www.psicoperspectivas.cl/index.php/psicoperspectivas/article/view/3437/2032

902 ## - CATALOGADOR

  • Catalogador: Leonor Sotres/040226